000 00357nam a22001457a 4500
999 _c1016
_d1016
003 OSt
005 20170921092628.0
008 160627b xxu||||| |||| 00| 0 eng d
020 _a9780713640267
040 _cTEST
100 _91242
_aNewson, L
245 _aScience Mysteries Language
260 _aLONDON
_bA & C BLACK
_c1996
300 _aScience Mysteries Language
942 _2ddc
_cBK